Billy Ocean: Love Really Hurts Without You Full Lyrics - Statistics

General Stats
  • This quiz has been taken 11 times
  • The average score is 232 of 308
Answer Stats
Answer % Correct
I
100%
Love
100%
A
86%
And
86%
But
86%
Can
86%
Do
86%
Hurts
86%
It
86%
It’s
86%
It's
86%
My
86%
Oh
86%
Really
86%
So
86%
The
86%
To
86%
What
86%
Who
86%
Without
86%
You
86%
All
71%
Baby
71%
Breaking
71%
Heart
71%
I'm
71%
In
71%
Make
71%
Me
71%
On
71%
Some
71%
Baby
57%
Can't
57%
Don't
57%
Know
57%
Lie
57%
Of
57%
Other
57%
Out
57%
See
57%
Something
57%
That
57%
Think
57%
Through
57%
You’re
57%
You're
57%
Any
43%
Around
43%
Cheat
43%
Dream
43%
Ease
43%
Every
43%
Eye
43%
Give
43%
Gives
43%
Giving
43%
Guy
43%
Help
43%
Inside
43%
Look
43%
Mind
43%
Nothing
43%
Pain
43%
Run
43%
Sign
43%
Smile
43%
Town
43%
Turning
43%
Using
43%
Walk
43%
Way
43%
While
43%
Wrong
43%
Action
29%
Book
29%
Dress
29%
Excite
29%
Fancy
29%
Fool
29%
Groovy
29%
Impress
29%
Like
29%
Ooh
29%
Painted
29%
Queen
29%
Trick
29%
No matching quizzes found
Score Distribution
Percent of People with Each Score
Percentile by Number Answered
Your Score History
You have not taken this quiz